000 00377nam a22001577a 4500
003 SGT
020 _a9789352703142
082 _a617.5
_bB18S
100 _aMakhan Lal Saha
245 _aBedside Clinics in Surgery
250 _a3RD
260 _aNEW DELHI
_bJaypee Brothers Medical Publishers
_c2018
300 _a1-1254
650 _aGENERAL SURGERY
942 _2ddc
_cBK
_011
999 _c20924
_d20924